000 00806nam a2200193 a 4500
001 000041689
005 20201002035713.0
008 131015s2004 sp ab 000 0 spa d
020 _a8400082508
040 _aDO-SdBNP
_bspa
_cBNPHU
082 _axxx
_bG216e
100 1 _aGarcía Tato, Isidro
_968500
245 1 4 _aLas encomiendas gallegas de la orden militar de San Juan de Jerusalén :
_bestudio y edición documental /
_cIsidro García Tato.
260 _aSantiago de Compostela :
_bConsejo Superior de Investigaciones Científicas, Instituto de Estudios Gallegos "Padre Sarmiento" : Xunta de Galicia,
_c2004.
300 _av. :
_bil., maps ;
_c25 cm.
500 _aIncluye referencias bibliográficas y notas al pie de las páginas.
504 _aBibliografía: p. 693-697
505 2 _tÉpoca medieval
999 _c41179
_d41179